000 00362nam a2200133Ia 4500
008 220217s9999||||xx |||||||||||||| ||und||
020 _a9780070260641
100 _aSukhatme S.P and Nayak J.K
245 0 _aSolar energy
250 _a3rd
260 _aMcgraw hill book company
_bNew Delhi
_c2014
300 _aXX, 431p.
_b515
650 _aENERGY CONVERSION
999 _c186197
_d186197